|
|
|
|
| LEADER |
00898nam a2200253 a 4500 |
| 001 |
28013 |
| 003 |
BD-DhAAL |
| 005 |
20140505164815.0 |
| 008 |
140505s2014 enka||| |||| 00| 0 eng d |
| 020 |
|
|
|a 9780194421560
|
| 040 |
|
|
|a BD-DhAAL
|c BD-DhAAL
|
| 082 |
|
|
|2 22
|a 371.33
|
| 100 |
|
|
|a Keddie, Jamie
|9 4369
|
| 245 |
|
|
|a Bringing online video into the classroom /
|c Jamie Keddie
|
| 260 |
|
|
|a Oxford:
|b Oxford university press,
|c 2014
|
| 300 |
1 |
|
|a 160 p. :
|b ill. ;
|c 27 cm.
|
| 490 |
|
|
|a into the classroom
|
| 541 |
|
|
|e 28013
|
| 650 |
|
|
|a Media programs (Education)
|9 4370
|
| 650 |
|
|
|a Interactive Multimedia
|9 4371
|
| 852 |
|
|
|a Ayesha Abed Library
|b General Shelves
|
| 942 |
|
|
|2 ddc
|c BK
|
| 999 |
|
|
|c 14314
|d 14314
|
| 952 |
|
|
|0 0
|1 0
|2 ddc
|4 0
|6 371_330000000000000_KED
|7 0
|9 24272
|a BRACUL
|b BRACUL
|c GEN
|d 2014-05-05
|e BRAC Institute of Language
|l 2
|o 371.33 KED
|p 3010028013
|r 2016-04-21
|s 2015-12-23
|t 1
|w 2014-05-05
|y BK
|